[Event "Open Tabor 2019"]
[Site "?"]
[Date "2019.07.31"]
[Round "5.33"]
[White "Malimanek, Marek"]
[Black "Slaby, Matej"]
[Result "1-0"]
[WhiteElo "1408"]
[BlackElo "1000"]
[PlyCount "54"]
[SourceDate "2019.07.29"]

1. e4 c5 2. c3 b6 3. d4 cxd4 4. cxd4 e6 5. Nc3 Bb7 6. d5 Be7 7. Nf3 a6 8. d6
Bf8 9. e5 Nc6 10. Bg5 f6 11. exf6 Nxf6 12. Ne4 h6 13. Nxf6+ gxf6 14. Bd3 Bxd6
15. Bg6+ Ke7 16. Bh4 Rg8 17. Bd3 Bb4+ 18. Kf1 Qc7 19. a3 Bd6 20. Rc1 Rg7 21.
Qd2 Rh8 22. Qc3 Rf7 23. Bg6 Rff8 24. Nd4 Qb8 25. Re1 Nxd4 26. Qxd4 Qa8 27. Rd1
Bc5 1-0

[Event "Open Tabor 2019"]
[Site "?"]
[Date "2019.07.31"]
[Round "5.34"]
[White "Tejnor, Pavel"]
[Black "Steinbauer, Sebastian"]
[Result "0-1"]
[WhiteElo "1000"]
[BlackElo "1294"]
[PlyCount "42"]
[SourceDate "2019.07.29"]

1. e4 e5 2. Nf3 Nf6 3. Nc3 Bb4 4. a3 Bxc3 5. bxc3 Nxe4 6. Nxe5 Qe7 7. Nd3 Nxc3+
8. Qe2 Nxe2 9. Bxe2 O-O 10. O-O Qxe2 11. Bb2 Qxd2 12. Rac1 b6 13. Rfd1 Qg5 14.
Nb4 Bb7 15. f3 Bxf3 16. Rd2 Qxd2 17. Kf1 Qxg2+ 18. Ke1 Re8+ 19. Be5 Qxh2 20. c3
Qh1+ 21. Kd2 Qg2+ 0-1

[Event "Open Tabor 2019"]
[Site "?"]
[Date "2019.08.01"]
[Round "6.1"]
[White "Lys, Josef"]
[Black "Nehyba, Martin"]
[Result "1/2-1/2"]
[WhiteElo "2149"]
[BlackElo "2090"]
[PlyCount "36"]
[SourceDate "2019.07.29"]

1. d4 f5 2. Bg5 g6 3. c4 Bg7 4. Nc3 Nf6 5. e3 d6 6. Nh3 Nc6 7. Nf4 e5 8. dxe5
Nxe5 9. Qb3 c6 10. Rd1 Nf7 11. h4 Qb6 12. Bxf6 Bxf6 13. Be2 Bd7 14. g3 Qxb3 15.
axb3 O-O-O 16. Bf3 Be5 17. Rd2 Rhg8 18. Kd1 Kc7 1/2-1/2

[Event "Open Tabor 2019"]
[Site "?"]
[Date "2019.08.01"]
[Round "6.3"]
[White "Stinka, Jakub"]
[Black "Borkovec, Milan"]
[Result "1-0"]
[WhiteElo "2135"]
[BlackElo "2253"]
[PlyCount "81"]
[SourceDate "2019.07.29"]

1. d4 Nf6 2. c4 c5 3. d5 e6 4. Nc3 exd5 5. cxd5 d6 6. e4 g6 7. Bd3 Bg7 8. h3
O-O 9. Nf3 Nh5 10. O-O Nd7 11. Bg5 Bf6 12. Be3 Re8 13. Qd2 a6 14. a4 Ne5 15.
Be2 Nxf3+ 16. Bxf3 Ng7 17. a5 Bd7 18. Na4 Bxa4 19. Rxa4 b5 20. axb6 Qxb6 21.
Rb1 Reb8 22. Be2 a5 23. Bc4 Qd8 24. b3 Qe7 25. Qd3 Re8 26. Bb5 Reb8 27. f4 Ne8
28. Bc6 Ra7 29. Rc1 Rb4 30. e5 Rxa4 31. bxa4 Bg7 32. Qb5 Nf6 33. Qb8+ Bf8 34.
Re1 Ne4 35. exd6 Nxd6 36. Bf2 Qc7 37. Qxc7 Rxc7 38. Bxc5 Re7 39. Rb1 Re2 40.
Rb8 Kg7 41. Rxf8 1-0

[Event "Open Tabor 2019"]
[Site "?"]
[Date "2019.08.01"]
[Round "6.4"]
[White "Kotal, Vaclav"]
[Black "Rolinek, Dominik"]
[Result "1-0"]
[WhiteElo "2205"]
[BlackElo "2004"]
[PlyCount "115"]
[SourceDate "2019.07.29"]

1. d4 d5 2. c4 e6 3. Nf3 Nf6 4. g3 Be7 5. Bg2 O-O 6. O-O dxc4 7. Qc2 b6 8. Qxc4
Bb7 9. Nc3 Nbd7 10. Rd1 Qc8 11. Bf4 c5 12. Rac1 cxd4 13. Qxd4 Qc5 14. Qa4 Qb4
15. Qxb4 Bxb4 16. a3 Bxc3 17. Rxc3 Nd5 18. Rc2 N7f6 19. Nd4 Rfd8 20. Rcd2 Rd7
21. Nb5 Rad8 22. Bg5 Ba6 23. Nxa7 Bxe2 24. Re1 Rxa7 25. Bxf6 gxf6 26. Rexe2
Rad7 27. Re4 f5 28. Red4 Nf6 29. Rxd7 Rxd7 30. Rxd7 Nxd7 31. Kf1 Kf8 32. Ke2
Ke7 33. f4 Kd6 34. Kd3 Nf6 35. Kd4 Ng4 36. h3 e5+ 37. fxe5+ Nxe5 38. b4 Ng6 39.
a4 Kc7 40. Bd5 f6 41. Ke3 Kd6 42. Kd4 Ne7 43. Bf3 Nc8 44. Be2 Na7 45. Bf3 Nc8
46. h4 h6 47. Bg2 Ne7 48. Kc4 f4 49. gxf4 Ng6 50. Kb5 Kc7 51. f5 Ne7 52. a5
bxa5 53. bxa5 Nxf5 54. a6 Nd6+ 55. Kc5 Nc8 56. h5 Nb6 57. a7 f5 58. Kb5 1-0

[Event "Open Tabor 2019"]
[Site "?"]
[Date "2019.08.01"]
[Round "6.5"]
[White "den Boer, Lennard"]
[Black "Loskot, Petr"]
[Result "0-1"]
[WhiteElo "2146"]
[BlackElo "1999"]
[PlyCount "94"]
[SourceDate "2019.07.29"]

1. e4 e6 2. d4 d5 3. e5 c5 4. c3 Nc6 5. Nf3 Bd7 6. a3 Nge7 7. b4 cxd4 8. cxd4
Nf5 9. Nc3 Rc8 10. Bb2 Nh4 11. Qd3 Nxf3+ 12. gxf3 Qg5 13. h4 Qg6 14. Qd2 h5 15.
Bb5 a6 16. Ba4 Na7 17. Bc2 Qh6 18. Qd1 g6 19. Bc1 Qg7 20. Bd2 Be7 21. Rc1 Nb5
22. Nxb5 Bxb5 23. Ba4 Rxc1 24. Bxb5+ axb5 25. Qxc1 Kd7 26. Bg5 Rc8 27. Qd2 Qf8
28. Kf1 Rc4 29. Kg2 Bxg5 30. hxg5 Qc8 31. Qf4 Ke8 32. Rh4 Qd8 33. Qd2 Qc7 34.
Rh1 Rc2 35. Qf4 Kf8 36. Re1 Rc3 37. Re3 Rc1 38. Rd3 Kg8 39. Kh2 Qc2 40. Rd2 Qb1
41. Qf6 Rh1+ 42. Kg3 Rg1+ 43. Kf4 Qc1 44. Qd8+ Kh7 45. Ke3 Re1+ 46. Kd3 Qxa3+
47. Kc2 Rc1# 0-1

[Event "Open Tabor 2019"]
[Site "?"]
[Date "2019.08.01"]
[Round "6.6"]
[White "Zilavy, Jan"]
[Black "Parak, Dominik"]
[Result "1-0"]
[WhiteElo "2118"]
[BlackElo "2091"]
[PlyCount "43"]
[SourceDate "2019.07.29"]

1. e4 e6 2. d4 d5 3. e5 c5 4. c3 Nc6 5. Nf3 Qb6 6. a3 c4 7. Nbd2 Na5 8. Be2 Bd7
9. O-O Ne7 10. Rb1 Nb3 11. Bxc4 Nxd2 12. Nxd2 dxc4 13. Nxc4 Qc6 14. Nd6+ Kd8
15. Nxf7+ Ke8 16. Nxh8 g6 17. Bg5 Bg7 18. Bf6 Kf8 19. Qg4 Nf5 20. Qh3 Kg8 21.
g4 Nh6 22. Bg5 1-0

[Event "Open Tabor 2019"]
[Site "?"]
[Date "2019.08.01"]
[Round "6.7"]
[White "Chval, Zdenek"]
[Black "Svetly, Jiri"]
[Result "1-0"]
[WhiteElo "2145"]
[BlackElo "1895"]
[PlyCount "57"]
[SourceDate "2019.07.29"]

1. e4 d6 2. d4 Nf6 3. Nc3 g6 4. f4 Bg7 5. Nf3 c5 6. dxc5 Qa5 7. Bd3 Qxc5 8. Qe2
Nc6 9. Be3 Qa5 10. O-O O-O 11. Rad1 Bg4 12. a3 a6 13. Qf2 Bxf3 14. Qxf3 b5 15.
e5 Ng4 16. Qxg4 dxe5 17. f5 Rad8 18. Be4 Nd4 19. Bxd4 Rxd4 20. Rxd4 exd4 21.
Nd5 Qd8 22. Rf3 Qd6 23. Qh4 Kh8 24. fxg6 fxg6 25. Rxf8+ Bxf8 26. Qf4 Qd8 27.
Qe5+ Kg8 28. Nxe7+ Bxe7 29. Bd5+ 1-0

[Event "Open Tabor 2019"]
[Site "?"]
[Date "2019.08.01"]
[Round "6.8"]
[White "Michalcak, Lubomir"]
[Black "Mihal, Sergej"]
[Result "1-0"]
[WhiteElo "2031"]
[BlackElo "1890"]
[PlyCount "103"]
[SourceDate "2019.07.29"]

1. d4 Nf6 2. c4 e5 3. dxe5 Ng4 4. Nf3 Bc5 5. e3 Nc6 6. Be2 Ngxe5 7. Nc3 O-O 8.
O-O a5 9. b3 d6 10. Bb2 Re8 11. a3 Nxf3+ 12. Bxf3 Ne5 13. Nd5 c6 14. Nc3 Qh4
15. Na4 Nxf3+ 16. Qxf3 Re6 17. Qg3 Qxg3 18. hxg3 Bd7 19. Rfd1 Kf8 20. Rd2 Rxe3
21. fxe3 Bxe3+ 22. Rf2 Be6 23. Kf1 Bxf2 24. Kxf2 b5 25. cxb5 cxb5 26. Nc3 Rb8
27. b4 a4 28. Rd1 Rb6 29. Ne4 d5 30. Nc5 g6 31. Ke3 Ke7 32. Kd4 h5 33. Rc1 Kd6
34. Rf1 Bf5 35. Bc1 Ke7 36. Re1+ Be6 37. Bd2 Rc6 38. Bg5+ Kd6 39. Rc1 Rb6 40.
Nd3 Rb7 41. Ne5 Rb6 42. Bd8 Ra6 43. Rc5 f6 44. Bxf6 Bg8 45. Rxb5 Ke6 46. Bg5
Kf5 47. Be3 Ra8 48. Nf3 Rc8 49. Rc5 Re8 50. b5 Rb8 51. Bf4 Rb7 52. Bc7 1-0

[Event "Open Tabor 2019"]
[Site "?"]
[Date "2019.08.01"]
[Round "6.9"]
[White "Hasek, Vaclav"]
[Black "Brom, Jiri"]
[Result "1/2-1/2"]
[WhiteElo "1929"]
[BlackElo "2018"]
[PlyCount "72"]
[SourceDate "2019.07.29"]

1. Nf3 Nf6 2. d4 g6 3. c4 Bg7 4. g3 O-O 5. Bg2 d6 6. O-O Nc6 7. Nc3 a6 8. b3 e5
9. Bb2 e4 10. Ne1 e3 11. f3 Re8 12. Nc2 Bh6 13. Ne4 Nh5 14. d5 f5 15. dxc6 fxe4
16. cxb7 Bxb7 17. fxe4 Qe7 18. Nb4 Bxe4 19. Bxe4 Qxe4 20. Qd5+ Qe6 21. Qxe6+
Rxe6 22. Nd5 Rc8 23. g4 c6 24. gxh5 cxd5 25. cxd5 Re4 26. Rac1 Rg4+ 27. Kh1
Rxc1 28. Rxc1 Rf4 29. Rc8+ Bf8 30. Ba3 Kg7 31. hxg6 hxg6 32. Kg1 Rg4+ 33. Kh1
Rf4 34. Kg1 Rg4+ 35. Kh1 Rf4 36. Kg1 Rg4+ 1/2-1/2

[Event "Open Tabor 2019"]
[Site "?"]
[Date "2019.08.01"]
[Round "6.10"]
[White "Krbusik, Marian"]
[Black "Petrak, Robert"]
[Result "1/2-1/2"]
[WhiteElo "1881"]
[BlackElo "2017"]
[PlyCount "79"]
[SourceDate "2019.07.29"]

1. d4 d5 2. Bg5 Nf6 3. Bxf6 gxf6 4. Nf3 Bg7 5. e3 e5 6. Be2 Nc6 7. c4 Ne7 8.
cxd5 Nxd5 9. Nc3 Be6 10. O-O O-O 11. Nxd5 Qxd5 12. dxe5 fxe5 13. Qc2 Bf6 14.
Rfd1 Qa5 15. Bd3 h6 16. Bf5 Rfe8 17. Be4 c6 18. a3 Rad8 19. h3 Qb5 20. b4 Rxd1+
21. Rxd1 Rd8 22. Rxd8+ Bxd8 23. Qd3 Qxd3 24. Bxd3 Bf6 25. Nd2 Kf8 26. Ne4 Be7
27. g4 a5 28. Nc5 Bc8 29. Bf5 Bxf5 30. gxf5 axb4 31. axb4 Ke8 32. Kg2 b5 33.
Kf3 Bxc5 34. bxc5 Ke7 35. e4 Kd7 36. Ke3 Ke7 37. Kd3 Kf6 38. h4 Ke7 39. Kc3 Kd7
40. Kd3 1/2-1/2

[Event "Open Tabor 2019"]
[Site "?"]
[Date "2019.08.01"]
[Round "6.11"]
[White "Mikulas, Dusan"]
[Black "Toman, Antonin"]
[Result "1-0"]
[WhiteElo "2010"]
[BlackElo "1820"]
[PlyCount "65"]
[SourceDate "2019.07.29"]

1. e4 e5 2. Nf3 Nc6 3. Bc4 Bc5 4. d3 Nf6 5. c3 d6 6. Bb3 Bb6 7. O-O O-O 8. h3
Na5 9. Bc2 c5 10. Re1 Nc6 11. Bg5 h6 12. Bh4 g5 13. Bg3 Ne7 14. d4 cxd4 15.
cxd4 exd4 16. Nxd4 d5 17. e5 Bxd4 18. Qxd4 Nh5 19. Bh2 Ng7 20. g4 Be6 21. Nc3
Qa5 22. f4 gxf4 23. Bxf4 h5 24. Be3 Rfc8 25. Bb3 hxg4 26. hxg4 Rd8 27. Bg5 Rd7
28. Rad1 Nc6 29. Qf4 Qc5+ 30. Kg2 d4 31. Ne4 Bd5 32. Bxd5 Qxd5 33. Bf6 1-0

[Event "Open Tabor 2019"]
[Site "?"]
[Date "2019.08.01"]
[Round "6.12"]
[White "Pavlicek, Petr"]
[Black "Kubin, Petr"]
[Result "1/2-1/2"]
[WhiteElo "1828"]
[BlackElo "1997"]
[PlyCount "69"]
[SourceDate "2019.07.29"]

1. d4 d5 2. c4 dxc4 3. Nf3 Nf6 4. e3 e6 5. Bxc4 c5 6. O-O a6 7. a3 b5 8. Ba2
Bb7 9. dxc5 Qxd1 10. Rxd1 Bxc5 11. b4 Be7 12. Bb2 Nbd7 13. Nbd2 Rc8 14. Rac1
O-O 15. h3 Rfd8 16. Rxc8 Rxc8 17. Rc1 Rxc1+ 18. Bxc1 Kf8 19. Bb2 Bd6 20. Nd4 g6
21. f3 Ke7 22. Kf2 h5 23. g4 hxg4 24. hxg4 Ne5 25. Bb1 Bc7 26. g5 Nfd7 27. Ne4
Nc4 28. Bc1 Be5 29. Ke2 Nd6 30. Nxd6 Bxd6 31. e4 Ne5 32. f4 Nc6 33. Nxc6+ Bxc6
34. e5 Bc7 35. Be3 1/2-1/2

[Event "Open Tabor 2019"]
[Site "?"]
[Date "2019.08.01"]
[Round "6.13"]
[White "Zidu, Jan"]
[Black "Eretova, Jana"]
[Result "0-1"]
[WhiteElo "1852"]
[BlackElo "1981"]
[PlyCount "102"]
[SourceDate "2019.07.29"]

1. d4 d5 2. c4 e6 3. Nc3 Be7 4. Nf3 Nf6 5. Bg5 O-O 6. e3 h6 7. Bh4 b6 8. cxd5
exd5 9. Bd3 Be6 10. O-O c5 11. Rc1 Nc6 12. Bb1 Re8 13. Qa4 Qd7 14. Rfd1 Rad8
15. dxc5 bxc5 16. Bxf6 Bxf6 17. Ne4 Bxb2 18. Nxc5 Qc7 19. Na6 Qa5 20. Qxa5 Nxa5
21. Rc5 Nc4 22. Nc7 Rc8 23. Nxe6 fxe6 24. Rxc8 Rxc8 25. Kf1 Kf7 26. Ke2 Bf6 27.
Rc1 Rb8 28. Bd3 Rb2+ 29. Rc2 Rxc2+ 30. Bxc2 e5 31. e4 Ke6 32. Bb3 Kd6 33. exd5
Nb6 34. Nd2 Nxd5 35. Ne4+ Kc6 36. Nxf6 Nxf6 37. f3 Kc5 38. Ke3 a5 39. f4 Ng4+
40. Ke4 exf4 41. Kxf4 Nxh2 42. Kf5 g5 43. Be6 Kd4 44. Kg6 g4 45. Kh5 g3 46.
Kxh6 Nf1 47. Kg5 Ke3 48. Bd5 Kf2 49. Kf4 Ne3 50. Bc6 Nxg2+ 51. Ke5 Ne1 0-1

[Event "Open Tabor 2019"]
[Site "?"]
[Date "2019.08.01"]
[Round "6.14"]
[White "Musil, Vitezslav"]
[Black "Rolinkova, Lucie"]
[Result "1-0"]
[WhiteElo "1978"]
[BlackElo "1703"]
[PlyCount "117"]
[SourceDate "2019.07.29"]

1. Nf3 d5 2. c4 Nf6 3. g3 b6 4. Bg2 Bb7 5. O-O d4 6. d3 c5 7. b4 e6 8. bxc5
bxc5 9. Nbd2 Nbd7 10. Rb1 Qc7 11. Rxb7 Qxb7 12. Nxd4 Qc8 13. Bxa8 Qxa8 14. Nb5
Qb7 15. Qb3 Qb6 16. Qa4 a6 17. Nc3 Qb4 18. Qb3 Bd6 19. Nf3 Ne5 20. Nxe5 Bxe5
21. Bd2 Kd7 22. Qa4+ Qxa4 23. Nxa4 Kc6 24. Rb1 Nd7 25. e3 g6 26. Kf1 h5 27. Ke2
h4 28. Bc3 Rb8 29. Rxb8 Bxb8 30. d4 hxg3 31. hxg3 Bc7 32. Kd3 f5 33. Be1 Bd8
34. f3 g5 35. Nxc5 Nxc5+ 36. dxc5 Kxc5 37. g4 Bf6 38. Ba5 Be7 39. Bc3 Kc6 40.
Bd4 Bd8 41. a4 Be7 42. gxf5 exf5 43. e4 fxe4+ 44. Kxe4 Bc5 45. Bf6 Bf8 46. Bd4
a5 47. Kf5 Be7 48. Be3 Bd8 49. Bxg5 Bxg5 50. Kxg5 Kc5 51. f4 Kxc4 52. f5 Kb4
53. f6 Kxa4 54. f7 Kb3 55. f8=Q a4 56. Qf3+ Kb2 57. Qe2+ Kb3 58. Qd1+ Kb4 59.
Qa1 1-0

[Event "Open Tabor 2019"]
[Site "?"]
[Date "2019.08.01"]
[Round "6.15"]
[White "Slajs, Vlastimil"]
[Black "Bartos, Alois"]
[Result "1/2-1/2"]
[WhiteElo "1769"]
[BlackElo "1953"]
[PlyCount "137"]
[SourceDate "2019.07.29"]

1. d4 Nf6 2. c4 c5 3. d5 e6 4. Nc3 exd5 5. cxd5 d6 6. e4 g6 7. Bd3 Bg7 8. Nge2
O-O 9. O-O Re8 10. h3 a6 11. a4 c4 12. Bc2 Nbd7 13. Bf4 Nc5 14. f3 Qc7 15. Qd2
Bd7 16. a5 Rab8 17. Rfb1 b5 18. axb6 Rxb6 19. Ra2 Reb8 20. Be3 Bb5 21. Kh1 R6b7
22. Bf4 Nfd7 23. Be3 Re8 24. Bf4 Ne5 25. Be3 Qc8 26. Nd4 Qd8 27. Bg5 Qd7 28.
Bf4 Ned3 29. Be3 Be5 30. Nde2 Qe7 31. Bg5 Bf6 32. Be3 Qc7 33. Bg1 Bd7 34. Nd4
Bb5 35. Nde2 Rbb8 36. Nd4 Rb7 37. Nde2 Bh4 38. Nd4 Ne5 39. Bh2 Qe7 40. Ra5 Reb8
41. Ra2 Ned3 42. Ncxb5 axb5 43. Nc6 Qf6 44. Nxb8 Rxb8 45. Bxd3 Nxd3 46. Ra6 Qd4
47. Bf4 Rd8 48. Rba1 Qf6 49. Be3 Bg3 50. Ra8 Be5 51. Rxd8+ Qxd8 52. Ra2 h5 53.
f4 Bg7 54. b3 Qe7 55. bxc4 bxc4 56. Ra8+ Kh7 57. Ra7 Qxe4 58. Rxf7 Qxd5 59. Ra7
Kg8 60. Qa5 Qxa5 61. Rxa5 Bc3 62. Rd5 Bb4 63. g4 hxg4 64. hxg4 Kf7 65. f5 Ne5
66. Bd4 Kf6 67. Rb5 Bd2 68. Rd5 Bb4 69. Rb5 1/2-1/2

[Event "Open Tabor 2019"]
[Site "?"]
[Date "2019.08.01"]
[Round "6.16"]
[White "Kaucky, Jaroslav"]
[Black "Gruber, Milos"]
[Result "1-0"]
[WhiteElo "1534"]
[BlackElo "1937"]
[PlyCount "95"]
[SourceDate "2019.07.29"]

1. f4 c5 2. Nf3 Nc6 3. e3 d5 4. c3 Nf6 5. d4 c4 6. Nbd2 e6 7. Be2 b5 8. O-O a5
9. Ne5 Bb7 10. Kh1 Qc7 11. Ndf3 Ne4 12. Bd2 Be7 13. Be1 f6 14. Nxc6 Bxc6 15.
Nd2 f5 16. Nf3 g5 17. Ne5 g4 18. Bxg4 O-O-O 19. Bf3 Rhg8 20. Nxc6 Qxc6 21. Bxe4
dxe4 22. a3 Rg7 23. Qe2 Rdg8 24. Rg1 Kb7 25. Rd1 Kb6 26. Rb1 Rc8 27. Qd2 h5 28.
Rd1 Rd8 29. g3 Qe8 30. Qe2 Qg6 31. Rd2 h4 32. Qg2 hxg3 33. Qxg3 Qxg3 34. Rxg3
Rxg3 35. Bxg3 b4 36. axb4 axb4 37. Kg2 Kb5 38. Kf2 Ka4 39. Ke2 Kb3 40. Be1 bxc3
41. bxc3 Kxc3 42. d5 Kb3 43. dxe6 Rxd2+ 44. Bxd2 Kc2 45. Be1 c3 46. h4 Kb2 47.
Bxc3+ Kxc3 48. h5 1-0

[Event "Open Tabor 2019"]
[Site "?"]
[Date "2019.08.01"]
[Round "6.17"]
[White "Mosnicka, Jan"]
[Black "Otradovec, Lubos"]
[Result "0-1"]
[WhiteElo "1810"]
[BlackElo "1843"]
[PlyCount "52"]
[SourceDate "2019.07.29"]

1. Nf3 Nf6 2. d4 d5 3. c4 c6 4. cxd5 cxd5 5. Nc3 Nc6 6. Bf4 Bf5 7. e3 e6 8. Bb5
Nd7 9. O-O Rc8 10. Rc1 Be7 11. Qe2 O-O 12. h3 a6 13. Bd3 Bxd3 14. Qxd3 h6 15.
e4 dxe4 16. Nxe4 Nf6 17. Rfd1 Nd5 18. Bg3 Qb6 19. Qe2 Rfd8 20. Nc3 Bf6 21. Nxd5
Rxd5 22. Be5 Bxe5 23. dxe5 Rcd8 24. Rxd5 Rxd5 25. b3 Qa5 26. Re1 Nb4 0-1

[Event "Open Tabor 2019"]
[Site "?"]
[Date "2019.08.01"]
[Round "6.18"]
[White "Herynek, Petr"]
[Black "Hurtak, Otto"]
[Result "0-1"]
[WhiteElo "1612"]
[BlackElo "2048"]
[PlyCount "133"]
[SourceDate "2019.07.29"]

1. Nf3 d5 2. g3 c5 3. Bg2 Nf6 4. d3 e6 5. Nbd2 Be7 6. O-O O-O 7. e4 Nc6 8. c3
Qc7 9. Re1 Rd8 10. e5 Nd7 11. d4 b5 12. Nb3 c4 13. Nbd2 b4 14. Nf1 bxc3 15.
bxc3 Qa5 16. Qc2 Nf8 17. h4 Rb8 18. h5 Rd7 19. h6 g6 20. N1h2 Rdb7 21. Ng4 Nd7
22. Bh3 Ba3 23. Qd2 Bxc1 24. Raxc1 Qd8 25. Qf4 Qe7 26. Ng5 Nd8 27. Re2 a5 28.
Rce1 Rb1 29. Rxb1 Rxb1+ 30. Kg2 Rb6 31. Qd2 a4 32. f4 a3 33. Qc1 Nc6 34. Nf6+
Nxf6 35. exf6 Qb7 36. Qxa3 Ra6 37. Qc1 Nd8 38. f5 Qa7 39. Qd2 Bd7 40. fxg6 fxg6
41. Rf2 Nf7 42. Nf3 Ra3 43. Ng5 Ra6 44. Re2 Nxg5 45. Qxg5 Rxa2 46. Qe3 Rxe2+
47. Qxe2 Kf7 48. g4 Qa3 49. Qe3 Qb2+ 50. Kg3 Kxf6 51. g5+ Ke7 52. Qf3 Qd2 53.
Kh4 Qd3 54. Qg3 Qxg3+ 55. Kxg3 Kd6 56. Bf1 e5 57. dxe5+ Kxe5 58. Be2 Ba4 59.
Bf3 Bb5 60. Bg2 Ba4 61. Bf3 d4 62. cxd4+ Kxd4 63. Kf2 c3 64. Ke1 Ke5 65. Ke2
Kf5 66. Kd3 c2 67. Kd2 0-1

[Event "Open Tabor 2019"]
[Site "?"]
[Date "2019.08.01"]
[Round "6.19"]
[White "Habada, Jindrich"]
[Black "Rybin, Jan"]
[Result "0-1"]
[WhiteElo "1727"]
[BlackElo "1900"]
[PlyCount "40"]
[SourceDate "2019.07.29"]

1. e4 c6 2. d4 d5 3. e5 Bf5 4. f4 e6 5. Nf3 c5 6. c3 Nc6 7. Bd3 Bxd3 8. Qxd3
Qb6 9. O-O Nh6 10. Kh1 Rc8 11. dxc5 Bxc5 12. Nbd2 Ng4 13. f5 Nf2+ 14. Rxf2 Bxf2
15. fxe6 fxe6 16. Ng5 Qe3 17. Qxe3 Bxe3 18. Nxe6 Kf7 19. Nd4 Nxd4 20. cxd4
Rxc1+ 0-1

[Event "Open Tabor 2019"]
[Site "?"]
[Date "2019.08.02"]
[Round "7.1"]
[White "Nehyba, Martin"]
[Black "Kotal, Vaclav"]
[Result "0-1"]
[WhiteElo "2090"]
[BlackElo "2205"]
[PlyCount "74"]
[SourceDate "2019.07.29"]

1. e4 c5 2. c3 Nf6 3. e5 Nd5 4. d4 cxd4 5. Nf3 Nc6 6. cxd4 d6 7. Bc4 Nb6 8. Bb5
dxe5 9. Nxe5 Bd7 10. Bxc6 Bxc6 11. O-O e6 12. Qg4 h5 13. Qf4 Qf6 14. Qxf6 gxf6
15. Nxc6 bxc6 16. Nc3 Rd8 17. Be3 Rg8 18. Rac1 f5 19. Rc2 Bd6 20. Rfc1 Kd7 21.
Ne2 Nd5 22. Bd2 Rc8 23. a3 Rg4 24. f3 Rg6 25. Kf2 Bxh2 26. Rh1 Bd6 27. g3 Rcg8
28. f4 Nf6 29. Kf3 Ne4 30. Be1 Rh8 31. Bf2 Rg4 32. Rhc1 h4 33. gxh4 Nxf2 34.
Kxf2 Rhxh4 35. Rxc6 Rh2+ 36. Kf1 Rgg2 37. R1c2 Rf2+ 0-1

[Event "Open Tabor 2019"]
[Site "?"]
[Date "2019.08.02"]
[Round "7.2"]
[White "Loskot, Petr"]
[Black "Stinka, Jakub"]
[Result "1/2-1/2"]
[WhiteElo "1999"]
[BlackElo "2135"]
[PlyCount "41"]
[SourceDate "2019.07.29"]

1. e4 c5 2. Nf3 d6 3. Bb5+ Nd7 4. c3 Ngf6 5. Qe2 a6 6. Ba4 e5 7. O-O Be7 8. d4
b5 9. Bc2 O-O 10. a4 Bb7 11. Re1 cxd4 12. cxd4 Qc7 13. axb5 axb5 14. Rxa8 Rxa8
15. Na3 b4 16. Nc4 Rc8 17. b3 exd4 18. Nxd4 Ne5 19. Nf5 Bf8 20. g4 Nfd7 21.
Nfe3 1/2-1/2

[Event "Open Tabor 2019"]
[Site "?"]
[Date "2019.08.02"]
[Round "7.3"]
[White "Heinzel, Olaf"]
[Black "Lys, Josef"]
[Result "1/2-1/2"]
[WhiteElo "2321"]
[BlackElo "2149"]
[PlyCount "46"]
[SourceDate "2019.07.29"]

1. Nf3 d5 2. c4 c6 3. b3 Bf5 4. Bb2 e6 5. g3 h6 6. Bg2 Nf6 7. O-O Be7 8. d3
Nbd7 9. cxd5 cxd5 10. Nc3 O-O 11. Rc1 Rc8 12. Qd2 a6 13. Rfd1 Bh7 14. Nb1 Qb6
15. Rxc8 Rxc8 16. Rc1 Rxc1+ 17. Qxc1 Bc5 18. d4 Bf8 19. Nbd2 Qc6 20. Qxc6 bxc6
21. Bf1 Ne8 22. Bc3 Ba3 23. e3 Nc7 1/2-1/2

[Event "Open Tabor 2019"]
[Site "?"]
[Date "2019.08.02"]
[Round "7.4"]
[White "Volodin, Viktor"]
[Black "Zilavy, Jan"]
[Result "1-0"]
[WhiteElo "2178"]
[BlackElo "2118"]
[PlyCount "89"]
[SourceDate "2019.07.29"]

1. Nf3 Nf6 2. c4 b6 3. g3 Bb7 4. d4 g6 5. Bg2 Bg7 6. O-O O-O 7. Nc3 Ne4 8. Nxe4
Bxe4 9. Be3 d6 10. Qd2 Nd7 11. Bh6 e6 12. Bxg7 Kxg7 13. d5 e5 14. Nxe5 Nxe5 15.
Bxe4 f5 16. Bg2 Rf6 17. b3 Qf8 18. f4 Nd7 19. e4 Re8 20. exf5 gxf5 21. Rae1 Rf7
22. Rxe8 Qxe8 23. Re1 Re7 24. Qc3+ Nf6 25. Rxe7+ Qxe7 26. Kf1 Kg8 27. Qe1 Qxe1+
28. Kxe1 h5 29. h4 Nd7 30. Kd2 Kf7 31. Bf3 Kg6 32. Kc3 Nc5 33. b4 Nd7 34. Kb3
Kh6 35. Ka4 a6 36. Kb3 Kg6 37. a3 Kh6 38. Kc3 Kg6 39. Be2 Nf6 40. Bd3 Nd7 41.
c5 dxc5 42. Bxa6 cxb4+ 43. Kxb4 Nc5 44. Kb5 Kf6 45. Bc8 1-0

[Event "Open Tabor 2019"]
[Site "?"]
[Date "2019.08.02"]
[Round "7.5"]
[White "Borkovec, Milan"]
[Black "Kaucky, Jaroslav"]
[Result "1-0"]
[WhiteElo "2253"]
[BlackElo "1534"]
[PlyCount "53"]
[SourceDate "2019.07.29"]

1. e4 e5 2. Nf3 Nc6 3. d4 exd4 4. Bc4 Bb4+ 5. c3 Ba5 6. b4 Bb6 7. cxd4 Qe7 8.
O-O d6 9. Nc3 Bg4 10. Nd5 Bxf3 11. Qxf3 Nxd4 12. Qd3 Qe5 13. Bb2 c5 14. Kh1 Nf6
15. f4 Qh5 16. bxc5 dxc5 17. Bxd4 cxd4 18. Bb5+ Nd7 19. Nxb6 axb6 20. Bxd7+
Kxd7 21. Qxd4+ Ke7 22. Qxb6 Qa5 23. Qxb7+ Kf8 24. e5 g6 25. f5 Rg8 26. fxg6
Rxg6 27. Qxf7# 1-0

[Event "Open Tabor 2019"]
[Site "?"]
[Date "2019.08.02"]
[Round "7.6"]
[White "Eretova, Jana"]
[Black "Chval, Zdenek"]
[Result "0-1"]
[WhiteElo "1981"]
[BlackElo "2145"]
[PlyCount "62"]
[SourceDate "2019.07.29"]

1. e4 c5 2. Nf3 d6 3. d3 Nc6 4. g3 g6 5. Bg2 Bg7 6. O-O e5 7. Nbd2 Nge7 8. c3
O-O 9. a4 h6 10. Re1 Be6 11. Nc4 f5 12. exf5 Nxf5 13. Qe2 Qd7 14. g4 Nfe7 15.
h3 Rae8 16. a5 Nd5 17. Nh4 Rf6 18. g5 hxg5 19. Bxg5 Nf4 20. Bxf4 exf4 21. a6 b5
22. Na5 Nxa5 23. Rxa5 Ref8 24. Nf3 Bxh3 25. Bxh3 Qxh3 26. Rxb5 g5 27. Rb7 g4
28. Qe7 Qh6 29. Nh4 R6f7 30. Nf5 Rxf5 31. Rxa7 R5f7 0-1

[Event "Open Tabor 2019"]
[Site "?"]
[Date "2019.08.02"]
[Round "7.7"]
[White "Otradovec, Lubos"]
[Black "Michalcak, Lubomir"]
[Result "1/2-1/2"]
[WhiteElo "1843"]
[BlackElo "2031"]
[PlyCount "25"]
[SourceDate "2019.07.29"]

1. e4 c6 2. c4 d5 3. cxd5 cxd5 4. exd5 Nf6 5. Nc3 g6 6. Bc4 Bg7 7. Nf3 O-O 8.
O-O Nbd7 9. d3 Nb6 10. Qb3 a5 11. Be3 Nbd7 12. Rfe1 Ng4 13. Bd4 1/2-1/2

[Event "Open Tabor 2019"]
[Site "?"]
[Date "2019.08.02"]
[Round "7.8"]
[White "Rolinek, Dominik"]
[Black "Mikulas, Dusan"]
[Result "1-0"]
[WhiteElo "2004"]
[BlackElo "2010"]
[PlyCount "53"]
[SourceDate "2019.07.29"]

1. d4 Nf6 2. Bf4 d5 3. e3 e6 4. Nf3 c5 5. c3 Nc6 6. Nbd2 Bd6 7. Bg3 Bxg3 8.
hxg3 Qd6 9. Bb5 Bd7 10. Bxc6 Bxc6 11. Ne5 Nd7 12. Ndf3 Ke7 13. Nxd7 Bxd7 14.
Ne5 f6 15. Nxd7 Kxd7 16. Qg4 Rag8 17. dxc5 Qxc5 18. O-O-O f5 19. Qa4+ Kc7 20.
Rh4 Kb8 21. g4 Rf8 22. Qd7 Qc6 23. Qxg7 Qc7 24. Qxc7+ Kxc7 25. gxf5 Rxf5 26. f4
h5 27. g4 1-0

[Event "Open Tabor 2019"]
[Site "?"]
[Date "2019.08.02"]
[Round "7.9"]
[White "Hurtak, Otto"]
[Black "Musil, Vitezslav"]
[Result "1/2-1/2"]
[WhiteElo "2048"]
[BlackElo "1978"]
[PlyCount "36"]
[SourceDate "2019.07.29"]

1. d4 Nf6 2. Nf3 g6 3. c4 Bg7 4. Nc3 O-O 5. e4 d6 6. Be2 Bg4 7. Be3 c6 8. O-O
Bxf3 9. Bxf3 e5 10. d5 c5 11. Qd2 Kh8 12. g3 Ng8 13. Bg2 Nd7 14. Rad1 a6 15. a4
Ndf6 16. Bh3 Nh5 17. Bg4 Nhf6 18. Bh3 Nh5 1/2-1/2

[Event "Open Tabor 2019"]
[Site "?"]
[Date "2019.08.02"]
[Round "7.10"]
[White "Rybin, Jan"]
[Black "den Boer, Lennard"]
[Result "0-1"]
[WhiteElo "1900"]
[BlackElo "2146"]
[PlyCount "62"]
[SourceDate "2019.07.29"]

1. d4 e6 2. Nf3 f5 3. g3 Nf6 4. Bg2 d5 5. O-O Bd6 6. c4 c6 7. b3 Qe7 8. Bb2 O-O
9. Nbd2 Bd7 10. Ne5 Be8 11. Ndf3 Ne4 12. Nd3 Bh5 13. Nfe5 a5 14. Qc2 Na6 15. f3
Nf6 16. Bc3 c5 17. Rac1 Rfc8 18. Qd2 b6 19. Rfd1 Ra7 20. Bh3 Rac7 21. Kh1 Nb4
22. Nf4 dxc4 23. Bxb4 axb4 24. Nxc4 Bxf4 25. Qxf4 Nd5 26. Qd6 cxd4 27. Qxe7
Rxe7 28. Ne5 Rc5 29. Nc4 Rec7 30. Ra1 b5 31. Na5 Ra7 0-1